00442nam a2200145Ia 4500100002600000942000700026654001400033245002200047260003800069082001400107300000800121546001200129999001700141952013800158 aParker/ D./ Hann/ M.  cBK aComputing aComputing is easy bNewness tech. BooksaLondonc1983 a1.64bSul a113 aENGLISH c18350d18350 001040708CRCaCRCEbCRCEd2023-03-17eJay book houseg25.00i188 dt 23.09.92l0o1.64 Sulp3908r2023-03-17v25.00w1992-09-23yBK